000 00546 a2200181 4500
999 _c6032
_d6032
020 _a9780071311083
050 _aTA352BEE2007
100 _aBeer, Ferdinand P
_eauthor
245 _aVector Mchanics for Engineers:
_bDynamics /
_cFerdinand P.Beer,E Russell Johnston,Jr and Phillip J.Cornwell
250 _a9th ed.
264 _aBoston:
_bMc GrawHill,
_c2007
300 _a1356p. :
500 _aincludes index
650 _aengineering mechanics
700 _aJohnston Russell E
700 _aCornwell Phillip J
942 _2lcc
_cBK
_h352
_iBEE
_kTA